000 005960000a22001690004500
041 0 _aSPA
082 0 4 _aG 261 C3921c
110 1 _aCELAM
245 1 0 _aMedellín - Conclusiones : Segunda Conferencia General del Episcopado Latinoamericano. La Iglesia en la actual transformación de América Latina a la luz del Concilio / Consejo Episcopal Latinoamericano
260 _aBogotá, Colombia : Secretariado General del CELAM
300 _a135 Pag
001 6756
942 _cBK
999 _c37021
_d37021
336 _atexto
_btxt
_2rdacontent
337 _2rdamedia
_asin mediación
_bn
338 _2rdacarrier
_avolumen
_bnc